Majetok obce a zásady hospodárenia s ním

Majetková podstata obcí podľa zákona 138/1991 Zb. o majetku obcí. Podstata obecného majetku a hospodárenie s majetkom obce. Formy nakladania s majetkom obce.

Na minha lista:
Detalhes bibliográficos
Autor principal: Veverková, Ingrid
Formato: Capítulo de Livro
Idioma:eslovaco
Assuntos:
Tags: Adicionar Tag
Sem tags, seja o primeiro a adicionar uma tag!

MARC

LEADER 00000naa$a2200000$$$4500
001 0116255
005 20231127105156.1
041 0 |a slo 
044 |a SK 
245 1 0 |a Majetok obce a zásady hospodárenia s ním  |c Ingrid Veverková 
520 |a Majetková podstata obcí podľa zákona 138/1991 Zb. o majetku obcí. Podstata obecného majetku a hospodárenie s majetkom obce. Formy nakladania s majetkom obce. 
610 2 0 |a hospodárenie finančné 
610 2 0 |a majetok 
610 2 0 |a obce 
610 2 0 |a legislatíva 
610 2 0 |a samospráva 
610 2 0 |a Slovensko 
100 1 |a Veverková, Ingrid